[Event "FIDE World Rapid-ch Open 2018"]
[White "Zubov, Alexander"]
[Black "Drygalov, Sergey"]
[Site "St. Petersburg"]
[Round "3.30"]
[Annotator "ChessBase"]
[Result "1-0"]
[Date "2018.12.26"]
[WhiteElo "2597"]
[BlackElo "2446"]
[PlyCount "141"]
[TimeControl "900+10"]

1. d4 {[%emt 0:0:0]} d5 {[%emt 0:0:0]} 2. c4 {[%emt 0:0:0]} c6 {[%emt 0:0:0]} 3. Nf3 {[%emt 0:0:8]} Nf6 {[%emt 0:0:0]} 4. Qb3 {[%emt 0:0:12]} dxc4 {[%emt 0:0:11]} 5. Qxc4 {[%emt 0:0:2]} Bg4 {[%emt 0:0:1]} 6. Nbd2 {[%emt 0:0:50]
} Nbd7 {[%emt 0:0:32]} 7. g3 {[%emt 0:0:27]} e6 {[%emt 0:0:12]
} 8. Bg2 {[%emt 0:0:7]} Be7 {[%emt 0:0:1]} 9. Qb3 {[%emt 0:0:44]} Qb6 {[%emt 0:0:39]
} 10. Nc4 {[%emt 0:0:2]} Qxb3 {[%emt 0:2:50]} 11. axb3 {[%emt 0:0:1]
} Bb4+ {[%emt 0:0:5]} 12. Bd2 {[%emt 0:0:39]} Bxf3 {[%emt 0:0:0]} 13. Bxf3 {[%emt 0:0:5]} Bxd2+ {[%emt 0:0:12]} 14. Kxd2 {[%emt 0:0:0]} Ke7 {[%emt 0:0:6]} 15. e4 {[%emt 0:0:47]} Rhd8 {[%emt 0:2:56]} 16. Ke3 {[%emt 0:1:59]} c5 {[%emt 0:1:26]} 17. Rhd1 {[%emt 0:5:15]} cxd4+ {[%emt 0:0:0]} 18. Rxd4 {[%emt 0:0:1]} e5 {[%emt 0:1:44]} 19. Rd2 {[%emt 0:2:21]} b5 {[%emt 0:2:55]} 20. Nd6 {[%emt 0:1:48]} Nc5 {[%emt 0:0:22]} 21. Nf5+ {[%emt 0:1:7]
} Ke8 {[%emt 0:0:29]} 22. Rxd8+ {[%emt 0:0:37]} Rxd8 {[%emt 0:0:0]} 23. b4 Nb3 {[%emt 0:1:35]} 24. Rxa7 {[%emt 0:0:20]} g6 {[%emt 0:0:0]} 25. Nh6 {[%emt 0:0:57]} Rd7 {[%emt 0:0:30]} 26. Ra8+ {[%emt 0:0:21]} Ke7 {[%emt 0:0:2]} 27. Be2 {[%emt 0:0:5]} Nd4 {[%emt 0:0:9]} 28. Bd3 {[%emt 0:0:2]
} Rc7 {[%emt 0:0:12]} 29. f4 {[%emt 0:0:4]} Nc6 {[%emt 0:0:0]} 30. Bxb5 {[%emt 0:0:15]} exf4+ {[%emt 0:0:7]} 31. gxf4 {[%emt 0:0:25]} Nxb4 {[%emt 0:0:1]} 32. e5 {[%emt 0:0:7]} Nd7 {[%emt 0:0:4]} 33. Kd4 {[%emt 0:0:21]
} Rb7 {[%emt 0:0:26]} 34. Ba4 {[%emt 0:0:12]} f6 {[%emt 0:0:0]} 35. Ng8+ {[%emt 0:0:7]} Kf7 {[%emt 0:0:0]} 36. Bb3+ {[%emt 0:0:7]} Kg7 {[%emt 0:0:1]} 37. e6 {[%emt 0:0:1]} Nb6 {[%emt 0:0:17]} 38. Re8 {[%emt 0:0:20]
} Nc6+ {[%emt 0:0:13]} 39. Kc5 {[%emt 0:0:1]} Na5 {[%emt 0:0:0]} 40. Bd5 {[%emt 0:0:20]} Na4+ {[%emt 0:0:9]} 41. Kd6 {[%emt 0:0:7]} Rb6+ {[%emt 0:0:6]} 42. Kc7 {[%emt 0:0:1]} Rxb2 {[%emt 0:0:5]} 43. e7 {[%emt 0:0:4]
} Rc2+ {[%emt 0:0:31]} 44. Kd6 {[%emt 0:0:2]} Nb6 {[%emt 0:0:0]} 45. Rb8 {[%emt 0:0:7]} Nc8+ {[%emt 0:0:19]} 46. Rxc8 {[%emt 0:0:35]} Rxc8 {[%emt 0:0:1]} 47. Kd7 {[%emt 0:0:0]} Rb8 {[%emt 0:0:20]} 48. e8=Q {[%emt 0:0:4]
} Rxe8 {[%emt 0:0:1]} 49. Kxe8 {[%emt 0:0:1]} f5 {[%emt 0:0:0]} 50. Ke7 {[%emt 0:0:34]} h6 {[%emt 0:0:1]} 51. Nf6 {[%emt 0:0:11]} g5 {[%emt 0:0:17]
} 52. Nh5+ {[%emt 0:0:1]} Kg6 {[%emt 0:0:14]} 53. Bf7+ {[%emt 0:0:1]
} Kh7 {[%emt 0:0:2]} 54. Kf6 {[%emt 0:0:14]} gxf4 {[%emt 0:0:0]} 55. Nxf4 {[%emt 0:0:16]} Nc6 {[%emt 0:0:2]} 56. Bg6+ {[%emt 0:0:3]} Kh8 {[%emt 0:0:24]} 57. Bxf5 {[%emt 0:0:3]} Nd4 {[%emt 0:0:2]} 58. Be4 {[%emt 0:0:2]
} Nb3 {[%emt 0:0:26]} 59. Kg6 {[%emt 0:0:3]} Nd2 {[%emt 0:0:0]} 60. Bg2 {[%emt 0:0:2]} Nc4 {[%emt 0:0:17]} 61. Kxh6 {[%emt 0:0:2]} Ne3 {[%emt 0:0:6]} 62. Bf3 {[%emt 0:0:5]} Kg8 {[%emt 0:0:7]} 63. Kg6 {[%emt 0:0:4]
} Kh8 {[%emt 0:0:10]} 64. h4 {[%emt 0:0:7]} Nc4 {[%emt 0:0:0]} 65. Be2 {[%emt 0:0:53]} Ne5+ {[%emt 0:0:8]} 66. Kf5 {[%emt 0:0:9]} Nf7 {[%emt 0:0:3]} 67. Kf6 {[%emt 0:0:6]} Nd6 {[%emt 0:0:0]} 68. Bd3 {[%emt 0:0:8]
} Ne8+ {[%emt 0:0:8]} 69. Ke7 {[%emt 0:0:17]} Nc7 {[%emt 0:0:0]} 70. Kd7 {[%emt 0:0:3]} Na8 {[%emt 0:0:15]} 71. Kc6 {[%emt 0:0:2]} 1-0

[Event "FIDE World Rapid-ch Open 2018"]
[White "Khusnutdinov, Rustam"]
[Black "Fridman, Daniel"]
[Site "St. Petersburg"]
[Round "3.31"]
[Annotator "ChessBase"]
[Result "1/2-1/2"]
[Date "2018.12.26"]
[WhiteElo "2470"]
[BlackElo "2633"]
[PlyCount "144"]
[TimeControl "900+10"]

1. e4 {[%emt 0:0:0]} c6 {[%emt 0:0:0]} 2. d3 {[%emt 0:0:11]} d5 {[%emt 0:0:0]} 3. Nd2 {[%emt 0:0:0]} g6 {[%emt 0:0:5]} 4. g3 {[%emt 0:0:1]} Bg7 {[%emt 0:0:2]} 5. Bg2 {[%emt 0:0:1]} b6 {[%emt 0:0:14]} 6. Ngf3 {[%emt 0:0:0]} Bb7 {[%emt 0:0:2]} 7. 0-0 {[%emt 0:0:4]} Nd7 {[%emt 0:0:2]} 8. Re1 {[%emt 0:2:20]} e6 {[%emt 0:0:2]} 9. Nf1 {[%emt 0:0:13]} Ne7 {[%emt 0:0:0]} 10. c3 {[%emt 0:0:11]} dxe4 {[%emt 0:0:10]} 11. dxe4 {[%emt 0:0:3]} Nc5 {[%emt 0:0:2]} 12. Bg5 {[%emt 0:0:25]} h6 {[%emt 0:0:9]} 13. Bxe7 {[%emt 0:1:41]
} Qxd1 {[%emt 0:3:18]} 14. Raxd1 {[%emt 0:0:2]} Kxe7 {[%emt 0:0:0]} 15. e5 {[%emt 0:0:34]} Na4 {[%emt 0:0:11]} 16. Rd2 {[%emt 0:4:57]} Rhd8 {[%emt 0:6:31]} 17. Nd4 {[%emt 0:0:19]} Rac8 {[%emt 0:0:3]} 18. f4 {[%emt 0:0:10]
} Ba8 {[%emt 0:0:35]} 19. Rc2 {[%emt 0:0:33]} a6 {[%emt 0:0:0]} 20. Ne3 {[%emt 0:0:47]} c5 {[%emt 0:0:39]} 21. Ne2 {[%emt 0:0:13]} Bxg2 {[%emt 0:0:5]} 22. Kxg2 {[%emt 0:0:3]} b5 {[%emt 0:0:11]} 23. b3 {[%emt 0:0:0]} Nb6 {[%emt 0:0:4]} 24. c4 {[%emt 0:0:0]} b4 {[%emt 0:0:2]} 25. Rd1 {[%emt 0:0:21]} f6 {[%emt 0:0:49]} 26. exf6+ {[%emt 0:0:8]} Bxf6 {[%emt 0:0:2]
} 27. Rcd2 {[%emt 0:0:1]} Rxd2 {[%emt 0:0:12]} 28. Rxd2 {[%emt 0:0:0]
} h5 {[%emt 0:0:21]} 29. Nd1 {[%emt 0:0:15]} a5 {[%emt 0:0:39]
} 30. Nf2 {[%emt 0:0:1]} Rd8 {[%emt 0:0:50]} 31. Rxd8 {[%emt 0:0:15]} Kxd8 {[%emt 0:0:1]} 32. Ne4 {[%emt 0:0:1]} Be7 {[%emt 0:0:1]} 33. Nc1 {[%emt 0:0:3]
} Nd7 {[%emt 0:0:27]} 34. Nd3 {[%emt 0:0:2]} Kc7 {[%emt 0:0:0]} 35. Kf3 {[%emt 0:0:1]} Kb6 {[%emt 0:0:21]} 36. h4 {[%emt 0:1:29]} Kc7 {[%emt 0:0:6]} 37. Ndf2 {[%emt 0:1:8]} Nb8 {[%emt 0:0:42]} 38. Nd3 {[%emt 0:0:8]
} Nd7 {[%emt 0:0:1]} 39. Ke3 {[%emt 0:0:42]} Bd6 {[%emt 0:0:0]} 40. Nd2 {[%emt 0:0:21]} Kd8 {[%emt 0:0:9]} 41. Ne4 {[%emt 0:1:21]} Kc7 {[%emt 0:0:1]} 42. Ng5 {[%emt 0:0:32]} Nf8 {[%emt 0:0:1]} 43. Ke4 {[%emt 0:0:20]
} Kb7 {[%emt 0:0:31]} 44. Nf7 {[%emt 0:0:4]} Kc7 {[%emt 0:0:0]} 45. Nde5 {[%emt 0:0:51]} Be7 {[%emt 0:0:3]} 46. Nh8 {[%emt 0:0:4]} Nh7 {[%emt 0:0:11]} 47. Nhxg6 {[%emt 0:0:3]} Nf6+ {[%emt 0:0:2]} 48. Kf3 {[%emt 0:0:2]
} Bd6 {[%emt 0:0:2]} 49. Nd3 {[%emt 0:0:7]} a4 {[%emt 0:0:0]} 50. Nge5 {[%emt 0:0:17]} a3 {[%emt 0:0:14]} 51. Nf7 {[%emt 0:0:11]} Kd7 {[%emt 0:0:42]} 52. Ng5 {[%emt 0:0:3]} Ng4 {[%emt 0:0:31]} 53. Ne4 {[%emt 0:0:4]
} Kc6 {[%emt 0:0:4]} 54. Ndf2 {[%emt 0:0:2]} Nh6 {[%emt 0:0:0]} 55. Nd3 {[%emt 0:0:52]} Nf5 {[%emt 0:0:10]} 56. Nd2 {[%emt 0:0:9]} Be7 {[%emt 0:0:14]} 57. Kf2 {[%emt 0:0:14]} Bf6 {[%emt 0:0:27]} 58. Nf3 {[%emt 0:0:38]
} Kd6 {[%emt 0:0:9]} 59. Nc1 {[%emt 0:0:10]} Bd4+ {[%emt 0:0:0]} 60. Nxd4 {[%emt 0:0:20]} Nxd4 {[%emt 0:0:1]} 61. g4 {[%emt 0:0:4]} hxg4 {[%emt 0:0:37]} 62. Kg3 {[%emt 0:0:1]} Ke7 {[%emt 0:0:1]} 63. Kxg4 {[%emt 0:0:4]
} Kf7 {[%emt 0:0:5]} 64. Kg5 {[%emt 0:0:12]} Nf3+ {[%emt 0:0:0]} 65. Kg4 {[%emt 0:0:0]} Nd4 {[%emt 0:0:1]} 66. Kg3 {[%emt 0:0:15]} Kg6 {[%emt 0:0:5]} 67. Kg4 {[%emt 0:0:7]} Kg7 {[%emt 0:0:9]} 68. h5 {[%emt 0:0:0]} Kh6 {[%emt 0:0:2]} 69. Kh4 {[%emt 0:0:1]} Nf5+ {[%emt 0:0:6]} 70. Kg4 {[%emt 0:0:2]} Nd4 {[%emt 0:0:2]} 71. Kh4 {[%emt 0:0:5]} Nf5+ {[%emt 0:0:4]
} 72. Kg4 {[%emt 0:0:1]} Nd4 {[%emt 0:0:1]} 1/2-1/2

[Event "FIDE World Rapid-ch Open 2018"]
[White "Riazantsev, Alexander"]
[Black "Usmanov, Vasily"]
[Site "St. Petersburg"]
[Round "3.32"]
[Annotator "ChessBase"]
[Result "1/2-1/2"]
[Date "2018.12.26"]
[WhiteElo "2649"]
[BlackElo "2450"]
[PlyCount "84"]
[TimeControl "900+10"]

1. d4 {[%emt 0:0:0]} d5 {[%emt 0:0:0]} 2. c4 {[%emt 0:0:0]} e6 {[%emt 0:0:0]} 3. Nf3 {[%emt 0:0:0]} Nf6 {[%emt 0:0:0]} 4. Bg5 {[%emt 0:0:0]} Be7 {[%emt 0:0:0]} 5. e3 {[%emt 0:0:0]} h6 {[%emt 0:0:2]} 6. Bxf6 {[%emt 0:0:0]
} Bxf6 {[%emt 0:0:1]} 7. Qc2 {[%emt 0:0:6]} Nd7 {[%emt 0:0:0]} 8. Nc3 {[%emt 0:1:10]} c6 {[%emt 0:0:4]} 9. h4 {[%emt 0:0:2]} b6 {[%emt 0:0:51]
} 10. 0-0-0 {[%emt 0:0:48]} Bb7 {[%emt 0:0:21]} 11. Kb1 {[%emt 0:0:4]
} Qc7 {[%emt 0:0:59]} 12. Be2 {[%emt 0:2:28]} 0-0-0 {[%emt 0:0:0]} 13. cxd5 {[%emt 0:0:8]} exd5 {[%emt 0:1:8]} 14. Rc1 {[%emt 0:0:1]
} Nf8 {[%emt 0:0:24]} 15. Nb5 {[%emt 0:2:31]} Qb8 {[%emt 0:0:13]} 16. Ne5 {[%emt 0:0:24]
} Bxe5 {[%emt 0:0:3]} 17. dxe5 {[%emt 0:0:1]} Ne6 {[%emt 0:0:0]} 18. Bg4 {[%emt 0:1:20]} Qxe5 {[%emt 0:3:7]} 19. Nxa7+ {[%emt 0:0:0]} Kb8 {[%emt 0:0:7]} 20. Nxc6+ {[%emt 0:0:3]} Bxc6 {[%emt 0:0:2]} 21. Qxc6 {[%emt 0:0:2]} Rd6 {[%emt 0:0:21]} 22. Qc2 {[%emt 0:0:55]} Qe4 {[%emt 0:1:25]
} 23. Bxe6 {[%emt 0:2:14]} Qxc2+ {[%emt 0:1:15]} 24. Rxc2 {[%emt 0:0:1]
} fxe6 {[%emt 0:0:1]} 25. Rhc1 {[%emt 0:0:1]} e5 {[%emt 0:0:0]} 26. Rc7 {[%emt 0:0:28]} Rf8 {[%emt 0:0:1]} 27. f3 {[%emt 0:1:31]} Rg6 {[%emt 0:0:3]} 28. R7c6 {[%emt 0:0:9]} Rff6 {[%emt 0:0:41]} 29. Rc8+ {[%emt 0:2:3]
} Kb7 {[%emt 0:0:0]} 30. R1c7+ {[%emt 0:0:10]} Ka6 {[%emt 0:0:0]} 31. Rc2 {[%emt 0:0:31]} e4 {[%emt 0:0:48]} 32. f4 {[%emt 0:1:53]} Rg3 {[%emt 0:0:2]} 33. R8c3 {[%emt 0:0:14]} g5 {[%emt 0:0:1]} 34. hxg5 {[%emt 0:0:26]
} hxg5 {[%emt 0:0:1]} 35. fxg5 {[%emt 0:0:24]} Rf1+ {[%emt 0:0:0]} 36. Rc1 {[%emt 0:0:0]} Rxc1+ {[%emt 0:0:2]} 37. Kxc1 {[%emt 0:0:0]} Rxg2 {[%emt 0:0:1]} 38. Ra3+ {[%emt 0:0:32]} Kb5 {[%emt 0:0:8]} 39. Rb3+ {[%emt 0:0:1]} Kc5 {[%emt 0:0:20]} 40. Rc3+ {[%emt 0:0:0]} Kb5 {[%emt 0:0:30]
} 41. Rb3+ {[%emt 0:0:1]} Kc6 {[%emt 0:0:1]} 42. Rc3+ {[%emt 0:0:5]
} Kb5 {[%emt 0:0:32]} 1/2-1/2

[Event "FIDE World Rapid-ch Open 2018"]
[White "Vokhidov, Shamsiddin"]
[Black "Dreev, Aleksey"]
[Site "St. Petersburg"]
[Round "3.33"]
[Annotator "ChessBase"]
[Result "1/2-1/2"]
[Date "2018.12.26"]
[WhiteElo "2480"]
[BlackElo "2670"]
[PlyCount "113"]
[TimeControl "900+10"]

1. e4 {[%emt 0:0:0]} c6 {[%emt 0:0:0]} 2. d4 {[%emt 0:0:1]} d5 {[%emt 0:0:0]} 3. Nc3 {[%emt 0:0:4]} dxe4 {[%emt 0:0:0]} 4. Nxe4 {[%emt 0:0:1]} Bf5 {[%emt 0:0:0]} 5. Ng3 {[%emt 0:0:1]} Bg6 {[%emt 0:0:0]} 6. h4 {[%emt 0:0:2]
} h6 {[%emt 0:0:0]} 7. Nf3 {[%emt 0:0:1]} e6 {[%emt 0:0:0]} 8. Ne5 {[%emt 0:0:8]} Bh7 {[%emt 0:0:2]} 9. Bd3 {[%emt 0:0:1]} Bxd3 {[%emt 0:0:8]
} 10. Qxd3 {[%emt 0:0:2]} Nd7 {[%emt 0:0:9]} 11. Bf4 {[%emt 0:0:2]
} Nxe5 {[%emt 0:0:33]} 12. Bxe5 {[%emt 0:0:1]} Qa5+ {[%emt 0:0:0]} 13. c3 {[%emt 0:0:3]} Nf6 {[%emt 0:0:1]} 14. Ne4 {[%emt 0:0:13]} Nxe4 {[%emt 0:1:34]} 15. Qxe4 {[%emt 0:0:1]} Qd5 {[%emt 0:0:1]} 16. Qxd5 {[%emt 0:0:4]
} exd5 {[%emt 0:0:49]} 17. h5 {[%emt 0:0:2]} Kd7 {[%emt 0:0:0]} 18. Kd2 {[%emt 0:0:8]} Bd6 {[%emt 0:2:9]} 19. Bxg7 {[%emt 0:1:9]} Bf4+ {[%emt 0:0:2]} 20. Ke2 {[%emt 0:0:29]} Rhg8 {[%emt 0:0:4]} 21. Bf6 {[%emt 0:0:2]
} Rae8+ {[%emt 0:1:3]} 22. Kf3 {[%emt 0:0:9]} Re6 {[%emt 0:0:0]} 23. Bh4 {[%emt 0:0:30]} Bg5 {[%emt 0:0:7]} 24. Bg3 {[%emt 0:3:27]} Rf6+ {[%emt 0:0:41]} 25. Ke2 {[%emt 0:0:4]} Re8+ {[%emt 0:2:24]} 26. Kd3 {[%emt 0:0:32]
} Rfe6 {[%emt 0:0:1]} 27. Bh4 {[%emt 0:1:23]} Bxh4 {[%emt 0:0:0]} 28. Rxh4 {[%emt 0:0:2]} Re2 {[%emt 0:0:1]} 29. Rf4 {[%emt 0:1:42]} Rxb2 {[%emt 0:0:3]} 30. Rxf7+ {[%emt 0:1:40]} Kd6 {[%emt 0:0:1]} 31. Rf6+ {[%emt 0:0:50]} Kd7 {[%emt 0:0:8]} 32. Rd1 {[%emt 0:0:45]} Ree2 {[%emt 0:0:0]} 33. Rxh6 {[%emt 0:0:13]} Rxf2 {[%emt 0:0:3]} 34. Rg6 {[%emt 0:0:2]
} Rxg2 {[%emt 0:0:4]} 35. Rxg2 {[%emt 0:0:13]} Rxg2 {[%emt 0:0:2]} 36. Rh1 {[%emt 0:0:10]} Rg7 {[%emt 0:3:43]} 37. h6 {[%emt 0:1:11]} Rh7 {[%emt 0:0:0]} 38. Ke3 {[%emt 0:0:36]} Ke6 {[%emt 0:0:1]} 39. Kf4 {[%emt 0:0:2]} Kf6 {[%emt 0:0:1]} 40. a3 {[%emt 0:0:13]} a5 {[%emt 0:0:15]} 41. Rh3 {[%emt 0:0:0]} a4 {[%emt 0:0:28]} 42. Rh2 {[%emt 0:0:40]} Rf7 {[%emt 0:0:15]} 43. h7 {[%emt 0:1:47]} Kg7+ {[%emt 0:0:22]} 44. Ke5 {[%emt 0:1:13]} Kh8 {[%emt 0:0:3]
} 45. Rh3 {[%emt 0:0:3]} Rf2 {[%emt 0:0:20]} 46. Kd6 {[%emt 0:0:0]} Rb2 {[%emt 0:0:8]} 47. Kc7 {[%emt 0:0:52]} Rb3 {[%emt 0:0:13]} 48. Rh1 {[%emt 0:0:22]} Rxa3 {[%emt 0:0:4]} 49. c4 {[%emt 0:0:7]} Rb3 {[%emt 0:2:5]
} 50. cxd5 {[%emt 0:0:15]} cxd5 {[%emt 0:0:1]} 51. Kd6 {[%emt 0:0:3]
} a3 {[%emt 0:0:25]} 52. Kxd5 {[%emt 0:0:3]} b5 {[%emt 0:0:0]} 53. Kc5 {[%emt 0:0:11]} b4 {[%emt 0:0:5]} 54. d5 {[%emt 0:0:2]} a2 {[%emt 0:0:9]
} 55. d6 {[%emt 0:0:12]} Rd3 {[%emt 0:0:34]} 56. Kxb4 {[%emt 0:0:0]} Rxd6 {[%emt 0:0:1]} 57. Ra1 {[%emt 0:0:2]} 1/2-1/2

[Event "FIDE World Rapid-ch Open 2018"]
[White "Pantsulaia, Levan"]
[Black "Bazeev, German"]
[Site "St. Petersburg"]
[Round "3.34"]
[Annotator "ChessBase"]
[Result "0-1"]
[Date "2018.12.26"]
[WhiteElo "2597"]
[BlackElo "2416"]
[PlyCount "130"]
[TimeControl "900+10"]

1. Nf3 {[%emt 0:0:0]} Nf6 {[%emt 0:0:0]} 2. g3 {[%emt 0:0:0]} d5 {[%emt 0:0:0]
} 3. Bg2 {[%emt 0:0:0]} c6 {[%emt 0:0:0]} 4. c4 {[%emt 0:0:0]} g6 {[%emt 0:0:37]} 5. b3 {[%emt 0:0:3]} Bg7 {[%emt 0:0:4]} 6. Bb2 {[%emt 0:0:1]
} 0-0 {[%emt 0:0:4]} 7. d3 {[%emt 0:0:3]} Bg4 {[%emt 0:0:4]
} 8. Nbd2 {[%emt 0:0:2]} Bxf3 {[%emt 0:0:9]} 9. Nxf3 a5 10. 0-0 {[%emt 0:0:0]} Nbd7 {[%emt 0:0:10]} 11. Qc2 {[%emt 0:0:10]} Re8 {[%emt 0:0:7]} 12. Rac1 {[%emt 0:0:17]} e5 {[%emt 0:0:6]} 13. cxd5 {[%emt 0:0:8]} Nxd5 {[%emt 0:0:3]
} 14. a3 {[%emt 0:0:14]} Qe7 {[%emt 0:0:17]} 15. Nd2 {[%emt 0:0:0]} Nc7 {[%emt 0:0:1]} 16. Nc4 {[%emt 0:0:45]} Ne6 {[%emt 0:1:11]} 17. e3 {[%emt 0:1:48]} b5 {[%emt 0:0:38]} 18. Nd2 {[%emt 0:0:20]} Rac8 {[%emt 0:0:0]} 19. Qb1 {[%emt 0:0:25]} Qd6 {[%emt 0:1:11]} 20. Ne4 {[%emt 0:0:24]} Qb8 {[%emt 0:0:1]} 21. Rfd1 {[%emt 0:0:6]} Red8 {[%emt 0:1:18]} 22. Bc3 {[%emt 0:1:8]
} b4 {[%emt 0:1:55]} 23. axb4 {[%emt 0:0:2]} axb4 {[%emt 0:0:0]} 24. Bb2 {[%emt 0:0:11]} Nb6 {[%emt 0:0:2]} 25. Qc2 {[%emt 0:0:42]} c5 {[%emt 0:1:49]} 26. Ra1 {[%emt 0:0:12]} Nd5 {[%emt 0:0:37]} 27. Ra6 {[%emt 0:1:0]
} Ndc7 {[%emt 0:0:25]} 28. Rc6 {[%emt 0:1:26]} Nb5 {[%emt 0:0:0]} 29. Rxc8 {[%emt 0:0:14]} Qxc8 {[%emt 0:0:37]} 30. Rc1 {[%emt 0:1:13]} Na3 {[%emt 0:0:10]} 31. Qe2 {[%emt 0:0:6]} f5 {[%emt 0:0:42]} 32. Nd2 {[%emt 0:4:23]
} e4 {[%emt 0:0:1]} 33. Nxe4 {[%emt 0:1:21]} fxe4 {[%emt 0:0:0]} 34. Bxe4 {[%emt 0:0:2]} Qd7 {[%emt 0:0:10]} 35. Bxg7 {[%emt 0:0:8]} Qxg7 {[%emt 0:0:10]} 36. Qg4 {[%emt 0:0:40]} Qf6 {[%emt 0:0:7]} 37. h4 {[%emt 0:1:14]
} h5 {[%emt 0:0:10]} 38. Qxg6+ {[%emt 0:0:6]} Qxg6 {[%emt 0:0:0]} 39. Bxg6 {[%emt 0:0:2]} Kg7 {[%emt 0:0:7]} 40. Bxh5 {[%emt 0:1:13]
} Rxd3 {[%emt 0:0:32]} 41. Bd1 {[%emt 0:0:1]} c4 {[%emt 0:2:0]} 42. bxc4 {[%emt 0:0:1]
} Nc5 {[%emt 0:0:0]} 43. Kg2 {[%emt 0:1:2]} Rd2 {[%emt 0:0:0]} 44. Ra1 {[%emt 0:0:5]} Ne4 {[%emt 0:0:26]} 45. c5 {[%emt 0:0:29]} Nxf2 {[%emt 0:0:47]} 46. Bf3 {[%emt 0:0:1]} Ne4+ {[%emt 0:0:7]} 47. Kh3 {[%emt 0:0:1]
} Nxc5 {[%emt 0:0:1]} 48. g4 {[%emt 0:0:15]} Rd7 {[%emt 0:0:0]} 49. Rc1 {[%emt 0:0:22]} Rc7 {[%emt 0:1:2]} 50. Bd5 {[%emt 0:0:1]} Nb5 {[%emt 0:0:10]} 51. Rc4 {[%emt 0:0:20]} Nc3 {[%emt 0:0:8]} 52. Bf3 {[%emt 0:0:12]
} Na6 {[%emt 0:0:12]} 53. Bc6 {[%emt 0:0:3]} Nb8 {[%emt 0:0:0]} 54. Rxb4 {[%emt 0:0:1]} Nxc6 {[%emt 0:0:3]} 55. Rc4 {[%emt 0:0:6]} Nd5 {[%emt 0:0:1]} 56. e4 {[%emt 0:0:1]} Nde7 {[%emt 0:0:3]} 57. g5 Rd7 58. h5 {[%emt 0:0:7]} Ne5 {[%emt 0:0:4]} 59. Rc3 {[%emt 0:0:6]} N7c6 {[%emt 0:0:8]
} 60. Rb3 {[%emt 0:0:7]} Nd4 {[%emt 0:0:21]} 61. Ra3 {[%emt 0:0:0]} Ne6 {[%emt 0:0:2]} 62. Kh4 {[%emt 0:0:2]} Rf7 {[%emt 0:0:41]} 63. g6 {[%emt 0:0:24]} Rf4+ {[%emt 0:0:5]} 64. Kg3 {[%emt 0:0:5]} Rg4+ {[%emt 0:0:1]
} 65. Kh3 {[%emt 0:0:1]} Ng5+ {[%emt 0:0:1]} 0-1

[Event "FIDE World Rapid-ch Open 2018"]
[White "Fedoseev, Vladimir"]
[Black "Sharma, Dinesh K."]
[Site "St. Petersburg"]
[Round "3.35"]
[Annotator "ChessBase"]
[Result "1/2-1/2"]
[Date "2018.12.26"]
[WhiteElo "2719"]
[BlackElo "2295"]
[PlyCount "148"]
[TimeControl "900+10"]

1. d4 {[%emt 0:0:0]} d5 {[%emt 0:0:0]} 2. c4 {[%emt 0:0:0]} c6 {[%emt 0:0:0]} 3. Nf3 {[%emt 0:0:0]} Nf6 {[%emt 0:0:0]} 4. e3 {[%emt 0:0:0]} Bf5 {[%emt 0:0:0]} 5. Nc3 {[%emt 0:0:0]} e6 {[%emt 0:0:1]} 6. Nh4 {[%emt 0:0:0]} Be4 {[%emt 0:0:2]} 7. Be2 {[%emt 0:0:18]} Nbd7 {[%emt 0:1:3]} 8. 0-0 {[%emt 0:0:9]} h6 {[%emt 0:0:36]} 9. cxd5 {[%emt 0:1:22]} cxd5 {[%emt 0:0:43]
} 10. Nxe4 {[%emt 0:0:21]} Nxe4 {[%emt 0:0:22]} 11. g3 {[%emt 0:0:23]
} Be7 {[%emt 0:0:37]} 12. Ng2 {[%emt 0:0:12]} 0-0 {[%emt 0:0:0]} 13. Nf4 {[%emt 0:0:5]} Rc8 {[%emt 0:0:23]} 14. f3 {[%emt 0:0:10]} Nd6 {[%emt 0:0:6]} 15. Bd3 {[%emt 0:0:41]} Bg5 {[%emt 0:0:29]} 16. b3 {[%emt 0:0:0]} Bxf4 {[%emt 0:0:36]} 17. gxf4 {[%emt 0:0:1]} Nf5 {[%emt 0:0:25]} 18. Bd2 {[%emt 0:0:35]} Qf6 {[%emt 0:0:50]} 19. Kh1 {[%emt 0:0:20]} Kh8 {[%emt 0:0:3]
} 20. Rg1 {[%emt 0:0:16]} Nb8 {[%emt 0:0:20]} 21. Qf1 {[%emt 0:0:0]} Rg8 {[%emt 0:1:14]} 22. Qh3 {[%emt 0:0:9]} Kh7 {[%emt 0:0:36]} 23. Rad1 {[%emt 0:1:4]} g6 {[%emt 0:1:47]} 24. e4 {[%emt 0:2:38]} Qxd4 {[%emt 0:0:53]
} 25. exf5 {[%emt 0:0:6]} Qxd3 {[%emt 0:0:9]} 26. fxe6 {[%emt 0:0:2]
} f5 {[%emt 0:0:29]} 27. Bb4 {[%emt 0:0:29]} Qe3 {[%emt 0:0:0]} 28. Rge1 {[%emt 0:0:45]} Qb6 {[%emt 0:0:36]} 29. Be7 {[%emt 0:0:5]} Rge8 {[%emt 0:1:2]} 30. Bg5 {[%emt 0:0:7]} Rxe6 {[%emt 0:0:33]} 31. Qxh6+ {[%emt 0:0:24]} Kg8 {[%emt 0:0:2]} 32. Qh4 {[%emt 0:1:54]} Nd7 {[%emt 0:0:0]} 33. Rxd5 {[%emt 0:3:26]} Nf8 {[%emt 0:1:17]} 34. Rde5 {[%emt 0:0:19]} Rce8 {[%emt 0:0:24]} 35. Bf6 {[%emt 0:0:24]} Nh7 {[%emt 0:0:5]} 36. Rxe6 {[%emt 0:0:18]
} Rxe6 {[%emt 0:0:3]} 37. Be5 {[%emt 0:0:1]} Qc6 {[%emt 0:0:0]} 38. Kg2 {[%emt 0:0:12]} Qc2+ {[%emt 0:0:13]} 39. Qf2 {[%emt 0:1:29]} Qxf2+ {[%emt 0:0:40]} 40. Kxf2 {[%emt 0:0:2]} Rc6 {[%emt 0:0:1]} 41. Rd1 {[%emt 0:0:11]
} Nf8 {[%emt 0:0:2]} 42. Rd8 {[%emt 0:0:25]} Kf7 {[%emt 0:0:0]} 43. Bd6 {[%emt 0:0:3]} Nh7 {[%emt 0:1:11]} 44. Rd7+ {[%emt 0:0:50]} Ke6 {[%emt 0:0:4]} 45. Rxh7 {[%emt 0:0:1]} Rxd6 {[%emt 0:0:3]} 46. Kg3 {[%emt 0:0:32]
} Ra6 {[%emt 0:0:8]} 47. Rxb7 {[%emt 0:0:9]} Rxa2 {[%emt 0:0:0]} 48. b4 {[%emt 0:0:8]} a6 {[%emt 0:0:57]} 49. Rb6+ {[%emt 0:0:4]} Kf7 {[%emt 0:0:1]} 50. h3 {[%emt 0:0:6]} Kg7 {[%emt 0:0:4]} 51. h4 {[%emt 0:0:16]
} Kh6 {[%emt 0:0:4]} 52. Rb8 {[%emt 0:0:1]} Rb2 {[%emt 0:0:0]} 53. h5 {[%emt 0:0:25]} a5 {[%emt 0:0:15]} 54. Rb6 {[%emt 0:0:20]} Rxb4 {[%emt 0:0:11]} 55. Rxg6+ {[%emt 0:0:3]} Kxh5 {[%emt 0:0:9]} 56. Rg5+ {[%emt 0:0:1]
} Kh6 {[%emt 0:0:1]} 57. Rxf5 {[%emt 0:0:1]} Kg6 {[%emt 0:0:0]} 58. Rxa5 {[%emt 0:0:1]} Rb1 {[%emt 0:0:1]} 59. Kf2 {[%emt 0:0:33]} Kf6 {[%emt 0:0:3]} 60. Rh5 {[%emt 0:0:5]} Ra1 {[%emt 0:0:3]} 61. Rg5 {[%emt 0:0:10]
} Rb1 {[%emt 0:0:4]} 62. Ra5 {[%emt 0:0:9]} Rc1 {[%emt 0:0:0]} 63. f5 {[%emt 0:0:13]} Kg5 {[%emt 0:0:38]} 64. Rd5 {[%emt 0:0:3]} Ra1 {[%emt 0:0:7]} 65. Ke2 {[%emt 0:0:14]} Ra3 {[%emt 0:0:16]} 66. Rb5 {[%emt 0:0:17]
} Rc3 {[%emt 0:0:9]} 67. Kf2 {[%emt 0:0:1]} Kf6 {[%emt 0:0:0]} 68. Kg3 {[%emt 0:0:9]} Rc4 {[%emt 0:0:1]} 69. Rd5 {[%emt 0:0:5]} Ra4 {[%emt 0:0:2]} 70. Rc5 {[%emt 0:0:6]} Rb4 {[%emt 0:0:2]} 71. Rd5 {[%emt 0:0:26]
} Ra4 {[%emt 0:0:1]} 72. Kf2 {[%emt 0:0:5]} Rf4 {[%emt 0:0:0]} 73. Ke3 {[%emt 0:0:3]} Rxf5 {[%emt 0:0:9]} 74. Rxf5+ {[%emt 0:0:43]} Kxf5 1/2-1/2

[Event "FIDE World Rapid-ch Open 2018"]
[White "Tukhaev, Adam"]
[Black "Aronian, Levon"]
[Site "St. Petersburg"]
[Round "3.36"]
[Annotator "TA"]
[Result "1/2-1/2"]
[Date "2018.12.26"]
[WhiteElo "2527"]
[BlackElo "2765"]
[PlyCount "138"]

1. e4 {} g6 2. d4 Bg7 3. Nc3 c6 4. h4 d5 (4... h5 5. Bc4 b5 6. Bb3 d6 7. Nf3 Bg4 8. Be3 Nd7 9. Ng5 Bxd1 10. Bxf7+ Kf8 11. Bxg6 Nc5 12. dxc5 Bg4 13. f3 {0-1 (40) Moiseenko,A (2711)-Artemiev,V (2524)
Khanty-Mansiysk 2013} )5. exd5 Nf6 $146 ({Predecessor:} 5... cxd5 6. h5 Nc6 7. Be3 Nh6 8. Bf4 a6 9. Nf3 Bg4 10. hxg6 hxg6 11. Be2 Nf5 12. Rxh8+ Bxh8 {0-1 (30)
Nguyen,K (2236)-Vedder,R (2253) Netherlands 2017} )6. dxc6 {B06: Modern Defence
} Nxc6 7. d5 Nb4 8. Bc4 Bf5 9. Bb3 a5 10. a3 a4 $1 {} 11. axb4 axb3 12. Rxa8 Qxa8 13. cxb3 0-0 14. Nge2 Rd8 15. Ng3 {[#]} (15. Bg5 $11 )Be6 $1 $15 {} 16. 0-0 (16. dxe6 Rxd1+ )Nxd5 17. Nxd5 Bxd5 18. Qe2 b6 19. f3 Qb8 20. Qxe7 Re8 21. Bf4 Rxe7 22. Bxb8 Bxb2 {The
position is equal.} 23. Rd1 Rd7 24. Ne2 Bf6 25. Nf4 Be6 26. Rxd7 Bxd7 $11 {
 Endgame KBB-KBN} 27. Nd5 Bd4+ 28. Kh2 Be6 29. Ne7+ Kf8 30. Nc6 Be3 31. Kg3 Bxb3 32. Bf4 Bg1 33. Be5 Ba4 34. Bd4 Bxd4 35. Nxd4 {KB-KN} Ke7 36. Kf4 Kd6 {aiming for ...Kd5.} 37. Ne2 h6 38. Nc3 Bc2 39. Ke3 Ke5 40. f4+ Ke6 41. g4 h5 42. g5 Kf5 {[#] White must now prevent ...Kg4.} 43. Nd5 Kg4 44. Nxb6 Kxh4 45. b5 Bb3 {Threatens to win with ...Kg3.} 46. Nc8 Bd5 {Hoping for ...Kg4.} 47. b6 Kg3 48. Nd6 h4 {And now ...h3 would win.} 49. b7 $1 ({But not} 49. Kd4 $2 Ba8 $19 )Bxb7 $1 50. Nxb7 {KN-K3P} h3 51. Nc5 h2 52. Ne4+ Kg2 53. Nf2 h1=Q 54. Nxh1 Kxh1 {KPP-KPP} 55. f5 {White wants to mate with Kf4.} Kg2 56. Kf4 {fxg6 would kill now.} Kh3 57. Kf3 Kh4 (57... gxf5 $5 58. Kf4 $8 Kg2 $11 )58. Kf4 Kh5 59. fxg6 $1 fxg6 60. Kf3 Kxg5 {KP-K} 61. Kg3 Kf5 {} 62. Kf3 g5 63. Kg3 {} g4 64. Kg2 Kf4 65. Kf2 g3+ 66. Kg2 Kg4 67. Kg1 Kf3 {( -> ...g2)} (67... Kf4 $5 )68. Kf1 g2+ $2 {} (68... Ke3 69. Kg2 Kf4 )69. Kg1 Kg3 {
Precision: White = 71%, Black = 77%.} 1/2-1/2